Real vs. Fake Flags - Statistics

General Stats
  • This quiz has been taken 124,801 times
    123,957 since last reset
  • The average score is 12 of 15
Answer Stats
Question Answer % Correct
Which flag is fake?
97%
Which flag is fake?
96%
Which flag is fake?
92%
Which flag is fake?
91%
Which flag is fake?
88%
Which flag is fake?
86%
Which flag is fake?
85%
Which flag is fake?
85%
Which flag is fake?
83%
Which flag is fake?
82%
Which flag is fake?
82%
Which flag is fake?
81%
Which flag is fake?
68%
Which flag is fake?
67%
Which flag is fake?
61%
No matching quizzes found
Score Distribution
Percent of People with Each Score
Percentile by Number Answered
Your Score History
You have not taken this quiz since the last reset